[Event "Int. Stuttgarter Stadtmeisterschaft A"]
[Site "Ditzingen"]
[Date "2013.05.09"]
[Round "1.1"]
[White "Ikonnikov, Vyacheslav"]
[Black "Bissbort, Julian"]
[Result "1-0"]
[WhiteElo "2533"]
[BlackElo "2034"]
[PlyCount "80"]
[EventDate "2013.??.??"]
[WhiteTeam "SF Bad Mergentheim"]
[BlackTeam "Heilbronner SV"]

1. d4 Nf6 2. Nf3 e6 3. c4 c5 4. d5 b5 5. Bg5 h6 6. Bxf6 Qxf6 7. Nc3 a6 8. e4 d6
9. cxb5 Be7 10. Bd3 O-O 11. O-O Nd7 12. a4 g5 13. a5 g4 14. Nd2 Ne5 15. Nc4
Nxd3 16. Qxd3 axb5 17. Nb6 Ba6 18. Nxa8 Rxa8 19. b4 cxb4 20. Na2 b3 21. Nb4 b2
22. Ra2 Bc8 23. Rb1 Bd7 24. a6 Bd8 25. Raxb2 Bb6 26. Qg3 Bc5 27. Qxg4+ Kh7 28.
g3 Rg8 29. Qe2 e5 30. Kg2 Qh4 31. Qf3 Qh3+ 32. Kg1 Bg4 33. Qd3 Rg5 34. Qf1 Qh5
35. Rc2 Bd4 36. Nc6 Bb6 37. Rxb5 Bc5 38. Rbxc5 dxc5 39. a7 Bd1 40. Rd2 Bf3 1-0

[Event "Int. Stuttgarter Stadtmeisterschaft A"]
[Site "Ditzingen"]
[Date "2013.05.09"]
[Round "1.2"]
[White "Jurasin, Marin"]
[Black "Dgebuadze, Alexandre"]
[Result "0-1"]
[WhiteElo "2034"]
[BlackElo "2528"]
[PlyCount "100"]
[EventDate "2013.??.??"]
[WhiteTeam "SG Schönbuch"]
[BlackTeam "SC 1950 Remagen"]

1. Nf3 Nf6 2. g3 d5 3. d4 c6 4. Bg2 Bg4 5. h3 Bh5 6. Nbd2 Nbd7 7. c4 e6 8. O-O
Be7 9. a3 O-O 10. b4 a5 11. Rb1 Bg6 12. Rb2 axb4 13. axb4 h6 14. c5 Ne4 15.
Nxe4 Bxe4 16. Qb3 Bf6 17. e3 b6 18. Bd2 Qc7 19. Ra2 Qb7 20. cxb6 Rxa2 21. Qxa2
Ra8 22. Qb2 Nxb6 23. Ra1 Nc4 24. Rxa8+ Qxa8 25. Qc1 Qa2 26. Bc3 Qe2 27. Ne1
Bxg2 28. Nxg2 g5 29. Ne1 Nd6 30. Qc2 Qc4 31. Qd3 Nb5 32. Bd2 Kf8 33. Qxc4 dxc4
34. Nc2 Ke7 35. Kg2 Kd6 36. Kf3 c3 37. Be1 Kd5 38. e4+ Kc4 39. e5 Be7 40. Ke4
Bxb4 41. Ne3+ Kb3 42. Kd3 Na3 43. Bxc3 Bxc3 44. Ng4 Nb5 45. Nxh6 Bxd4 46. Nxf7
c5 47. Nxg5 c4+ 48. Ke2 c3 49. Nf3 c2 50. Nd2+ Ka2 0-1

[Event "Int. Stuttgarter Stadtmeisterschaft A"]
[Site "Ditzingen"]
[Date "2013.05.09"]
[Round "1.3"]
[White "Karpatchev, Aleksandr"]
[Black "Gentner, Markus"]
[Result "1-0"]
[WhiteElo "2488"]
[BlackElo "2028"]
[PlyCount "109"]
[EventDate "2013.??.??"]
[WhiteTeam "SF Bad Mergentheim"]
[BlackTeam "SC Murrhardt 1948 e.V."]

1. e4 c6 2. d4 d5 3. Nc3 dxe4 4. Nxe4 Nf6 5. Nxf6+ gxf6 6. c3 Qd5 7. Be3 e5 8.
Nf3 Bg4 9. Be2 Nd7 10. Qb3 Qxb3 11. axb3 a6 12. b4 Rd8 13. O-O-O e4 14. Ng1 Be6
15. Nh3 Bd6 16. Nf4 Bb3 17. Rde1 Nb6 18. Nh5 Nd5 19. Bd2 b5 20. Bg4 Ra8 21.
Rxe4+ Kd8 22. Bd1 Bxd1 23. Rxd1 a5 24. bxa5 Rxa5 25. Kc2 Ra2 26. Ree1 Kd7 27.
Ra1 Rha8 28. Rxa2 Rxa2 29. h3 f5 30. Ng7 f4 31. Nf5 Bc7 32. g4 Ra8 33. f3 Bb6
34. Ng7 Bc7 35. Nh5 f5 36. Ng7 fxg4 37. hxg4 Rg8 38. Ne6 Bd6 39. Kd3 Rg6 40.
Nc5+ Bxc5 41. dxc5 Rh6 42. b3 Rh3 43. Rf1 Ke6 44. c4 bxc4+ 45. bxc4 Nf6 46. Kd4
h5 47. g5 Nd7 48. Re1+ Kf7 49. Ke4 Nxc5+ 50. Kf5 Rxf3 51. Bb4 Nd3 52. Re7+ Kg8
53. Bc3 Re3 54. Rd7 Kf8 55. g6 1-0

[Event "Int. Stuttgarter Stadtmeisterschaft A"]
[Site "Ditzingen"]
[Date "2013.05.09"]
[Round "1.5"]
[White "Gutman, Lev"]
[Black "Gheng, Simona"]
[Result "1-0"]
[WhiteElo "2467"]
[BlackElo "2025"]
[PlyCount "33"]
[EventDate "2013.??.??"]
[WhiteTeam "SV Lingen"]
[BlackTeam "TSV Schönaich"]

1. Nf3 c5 2. g3 Nf6 3. Bg2 g6 4. O-O Bg7 5. d4 cxd4 6. Nxd4 d5 7. c4 dxc4 8.
Nb5 Qxd1 9. Rxd1 Na6 10. N1a3 c3 11. bxc3 O-O 12. Be3 Nd7 13. Nxa7 Bxc3 14.
Rac1 Bb2 15. Rxc8 Rxa7 16. Rxf8+ Nxf8 17. Nc4 1-0

[Event "Int. Stuttgarter Stadtmeisterschaft A"]
[Site "Ditzingen"]
[Date "2013.05.09"]
[Round "1.6"]
[White "Jerie, Sven"]
[Black "Dobosz, Henryk"]
[Result "1-0"]
[WhiteElo "2023"]
[BlackElo "2374"]
[PlyCount "80"]
[EventDate "2013.??.??"]
[BlackTeam "BG Buchen"]

1. e4 c5 2. Nf3 d6 3. d4 cxd4 4. Nxd4 Nf6 5. Nc3 a6 6. Be3 e6 7. f3 h5 8. Qd2
Nbd7 9. O-O-O b5 10. Kb1 Bb7 11. Bd3 Rc8 12. Rhe1 Ne5 13. h4 Nc4 14. Bxc4 Rxc4
15. Bg5 Be7 16. Qd3 Qc8 17. e5 dxe5 18. Rxe5 Rc5 19. Rxc5 Bxc5 20. Nxe6 Bf8 21.
Nxf8 Kxf8 22. Qd6+ Kg8 23. Bxf6 Rh6 24. Qd8+ Kh7 25. Qxc8 Bxc8 26. Bg5 Rg6 27.
Rd2 Bf5 28. a3 Re6 29. Re2 Rd6 30. Rd2 Re6 31. Re2 Rd6 32. Kc1 f6 33. Be3 Rc6
34. Bf2 Rc4 35. Rd2 b4 36. axb4 Rxb4 37. Rd5 Be6 38. Rxh5+ Kg6 39. Ra5 Bc4 40.
Rc5 Bf1 1-0

[Event "Int. Stuttgarter Stadtmeisterschaft A"]
[Site "Ditzingen"]
[Date "2013.05.09"]
[Round "1.7"]
[White "Manakov, Ilya"]
[Black "Schuster, Gerhard"]
[Result "1-0"]
[WhiteElo "2350"]
[BlackElo "2017"]
[PlyCount "80"]
[EventDate "2013.??.??"]
[WhiteTeam "SC Erdmannhausen"]
[BlackTeam "SC Feuerbach e. V."]

1. Nf3 Nf6 2. g3 d5 3. Bg2 c5 4. O-O Nc6 5. d3 e5 6. Nbd2 Bd6 7. e4 d4 8. Nc4
Bc7 9. a4 Qe7 10. Nh4 g6 11. f4 exf4 12. e5 Nxe5 13. Nxe5 Bxe5 14. gxf4 Ng4 15.
fxe5 Qxh4 16. h3 Ne3 17. Bxe3 dxe3 18. Qf3 O-O 19. Qxe3 Be6 20. Rf4 Qg5 21.
Raf1 Bd5 22. R4f3 Qh5 23. Rg3 Bxg2 24. Kxg2 Rae8 25. Rg5 Qh6 26. Rf6 Re6 27.
Qf4 b6 28. c3 Qg7 29. Rg3 Rfe8 30. Re3 Rc8 31. Kg3 Rcc6 32. Rf3 Rxf6 33. exf6
Qf8 34. Re3 Re6 35. Rxe6 fxe6 36. Qe5 Kf7 37. d4 Qd8 38. dxc5 bxc5 39. Qxc5 Qd7
40. Kg2 Qd2+ 1-0

[Event "Int. Stuttgarter Stadtmeisterschaft A"]
[Site "Ditzingen"]
[Date "2013.05.09"]
[Round "1.8"]
[White "Schmidt, Tobias"]
[Black "Neyman, Igor"]
[Result "1/2-1/2"]
[WhiteElo "1924"]
[BlackElo "2334"]
[PlyCount "113"]
[EventDate "2013.??.??"]
[WhiteTeam "SC Tamm 74"]
[BlackTeam "Stuttgarter SF 1879"]

1. e4 c5 2. c3 d5 3. exd5 Qxd5 4. d4 e6 5. Nf3 Nf6 6. Be2 Nbd7 7. O-O Be7 8.
Na3 a6 9. dxc5 Bxc5 10. Nc4 O-O 11. Be3 b5 12. Bxc5 Qxc5 13. Nd6 Nb6 14. Nxc8
Raxc8 15. Qd4 Qxd4 16. Nxd4 Na4 17. Rab1 Ne4 18. Rfe1 Nd6 19. Bd1 Nc5 20. Nb3
Na4 21. Nd4 Nb6 22. Bb3 Rfd8 23. Nxe6 fxe6 24. Bxe6+ Kf8 25. Bxc8 Nbxc8 26. Re2
Kf7 27. Rbe1 Rd7 28. f3 Rc7 29. Kf2 Nc4 30. Kg3 Rc6 31. Kf4 Rf6+ 32. Kg3 Rd6
33. Kf4 N8b6 34. Kg4 Nd5 35. f4 Nf6+ 36. Kf3 Rd3+ 37. Kf2 Kg6 38. h3 h5 39. b3
Nd6 40. Re6 Nf5 41. g4 Rxh3 42. gxf5+ Kxf5 43. Rxa6 Rxc3 44. Re5+ Kxf4 45. Rxb5
Ne4+ 46. Kg2 g5 47. Ra4 Rg3+ 48. Kf1 Rf3+ 49. Kg1 Rg3+ 50. Kh2 h4 51. Rb8 Re3
52. Rf8+ Kg4 53. Re8 Re2+ 54. Kg1 Kf3 55. Raxe4 Rxe4 56. Rxe4 Kxe4 57. a4
1/2-1/2

[Event "Int. Stuttgarter Stadtmeisterschaft A"]
[Site "Ditzingen"]
[Date "2013.05.09"]
[Round "1.9"]
[White "Tuncer, Ufuk"]
[Black "Tran, Thanh Kien"]
[Result "1-0"]
[WhiteElo "2328"]
[BlackElo "1977"]
[PlyCount "61"]
[EventDate "2013.??.??"]
[WhiteTeam "SC Bad Königshofen 1957"]
[BlackTeam "VLK Lampertheim"]

1. Nf3 Nf6 2. g3 g6 3. b3 Bg7 4. Bb2 d6 5. d4 b6 6. Bg2 Bb7 7. c4 O-O 8. O-O e5
9. dxe5 Ng4 10. Nc3 Nxe5 11. Nxe5 Bxg2 12. Nxf7 Qd7 13. Kxg2 Rxf7 14. Rb1 Nc6
15. Nd5 Ne5 16. f4 Raf8 17. Qc2 Ng4 18. Bxg7 Rxg7 19. h3 c6 20. Qd3 cxd5 21.
Qxd5+ Kh8 22. hxg4 Qxg4 23. Rbe1 g5 24. Qxd6 Rxf4 25. Qb8+ Rg8 26. Qe5+ Rg7 27.
Rd1 h6 28. Rd6 Kh7 29. Rxf4 gxf4 30. Qe4+ Kh8 31. Rxh6+ 1-0

[Event "Int. Stuttgarter Stadtmeisterschaft A"]
[Site "Ditzingen"]
[Date "2013.05.09"]
[Round "1.10"]
[White "Ackermann, Hermann"]
[Black "Raupp, Thomas"]
[Result "0-1"]
[WhiteElo "1973"]
[BlackElo "2325"]
[PlyCount "98"]
[EventDate "2013.??.??"]
[WhiteTeam "SC Pforzheim 1906"]
[BlackTeam "SC Eppingen"]

1. d4 d5 2. c4 c6 3. Nc3 Nf6 4. Nf3 a6 5. Bf4 dxc4 6. a4 Nd5 7. Bg3 e6 8. e4
Nxc3 9. bxc3 b5 10. Ne5 Be7 11. Be2 O-O 12. O-O Bb7 13. Qb1 Qc8 14. Ra2 Nd7 15.
Rb2 Nxe5 16. Bxe5 Ra7 17. Qa2 Qd7 18. f3 a5 19. Bg3 Rc8 20. Rd1 Raa8 21. Bf2 h6
22. Rdb1 Ba6 23. d5 b4 24. dxe6 Qxe6 25. cxb4 axb4 26. Rxb4 Bxb4 27. Rxb4 c3
28. Qxe6 fxe6 29. Bxa6 Rxa6 30. Rc4 Kf7 31. Bd4 c2 32. Rxc2 Rxa4 33. Be3 Ra5
34. Bc5 Rca8 35. Bd4 R8a6 36. e5 Rd5 37. Rc4 c5 38. Bc3 g5 39. h4 Kg6 40. hxg5
hxg5 41. Kf2 Ra2+ 42. Ke3 Rxg2 43. f4 Rg3+ 44. Ke4 Rg4 45. Kf3 Rxf4+ 46. Rxf4
gxf4 47. Kxf4 Rd3 48. Bb2 Rb3 49. Bc1 Rb4+ 0-1

[Event "Int. Stuttgarter Stadtmeisterschaft A"]
[Site "Ditzingen"]
[Date "2013.05.09"]
[Round "1.11"]
[White "Englert, Fabian"]
[Black "Probst, Alexander"]
[Result "1-0"]
[WhiteElo "2244"]
[BlackElo "1972"]
[PlyCount "65"]
[EventDate "2013.??.??"]
[WhiteTeam "SK 1982 Klingenberg/Main"]
[BlackTeam "SC Blauer Turm Bad Wimpfen"]

1. g3 c5 2. Bg2 d5 3. Nf3 Nf6 4. O-O Nc6 5. d4 e6 6. a3 cxd4 7. Nxd4 Bc5 8. Nf3
a5 9. c4 d4 10. Bg5 h6 11. Bxf6 Qxf6 12. Nbd2 e5 13. Ne1 O-O 14. Nd3 Qe7 15.
Rc1 a4 16. Ne4 Bd6 17. Nxd6 Qxd6 18. c5 Qe7 19. Nb4 Nxb4 20. axb4 Be6 21. Qd3
Ra7 22. f4 f6 23. fxe5 fxe5 24. Rxf8+ Kxf8 25. Rf1+ Kg8 26. Qg6 Bf7 27. Qb6 Ra6
28. Qxb7 Ra7 29. Qxe7 Rxe7 30. b5 e4 31. c6 Bc4 32. b6 Ba6 33. Rd1 1-0

[Event "Int. Stuttgarter Stadtmeisterschaft A"]
[Site "Ditzingen"]
[Date "2013.05.09"]
[Round "1.12"]
[White "Capelja, Christian"]
[Black "Gheng, Josef"]
[Result "0-1"]
[WhiteElo "1969"]
[BlackElo "2311"]
[PlyCount "104"]
[EventDate "2013.??.??"]
[WhiteTeam "SpVgg Rommelshausen"]
[BlackTeam "SC Erdmannhausen"]

1. e4 e5 2. Nf3 d6 3. Bc4 Be7 4. d3 Nf6 5. O-O O-O 6. Be3 c6 7. Bb3 a5 8. a4
Na6 9. c3 Ng4 10. Bc1 Nc5 11. Bc2 f5 12. exf5 Bxf5 13. h3 Nf6 14. d4 Bxc2 15.
Qxc2 exd4 16. Nxd4 Nd5 17. Nd2 Bf6 18. N2f3 Qd7 19. Bd2 Bxd4 20. Nxd4 Nf6 21.
Bf4 Rae8 22. Bh2 d5 23. Rae1 Nfe4 24. Re3 Ne6 25. Nxe6 Rxe6 26. f3 Nc5 27. Rxe6
Qxe6 28. Bg3 Qe3+ 29. Bf2 Qd3 30. Rc1 Qxc2 31. Rxc2 Nd3 32. Bb6 Re8 33. Rd2
Re1+ 34. Kh2 Ne5 35. b3 Rb1 36. Re2 Nd7 37. Bxa5 Rxb3 38. Re7 Nc5 39. Bb4 Nxa4
40. Re8+ Kf7 41. Re7+ Kf6 42. Bd6 Nxc3 43. Re3 Ne4 44. Be7+ Kxe7 45. Rxb3 Nc5
46. Rb4 b5 47. Rh4 h6 48. Rg4 Ne6 49. Kg3 g5 50. Rb4 d4 51. h4 Kf6 52. hxg5+
hxg5 0-1

[Event "Int. Stuttgarter Stadtmeisterschaft A"]
[Site "Ditzingen"]
[Date "2013.05.09"]
[Round "1.13"]
[White "Ortmann, David"]
[Black "Kammer, Christoph"]
[Result "1/2-1/2"]
[WhiteElo "2302"]
[BlackElo "1968"]
[PlyCount "120"]
[EventDate "2013.??.??"]
[WhiteTeam "SC Böblingen 1975 e.V."]
[BlackTeam "TSV Nittenau"]

1. Nf3 f5 2. c4 Nf6 3. g3 e6 4. Bg2 Be7 5. O-O O-O 6. b3 d6 7. d4 a5 8. Bb2 Qe8
9. Qc2 Nc6 10. a3 Bd8 11. Nc3 e5 12. e3 Qh5 13. Ne2 e4 14. Ne1 Qh6 15. Rd1 Ng4
16. h3 Nf6 17. Bc1 Ne7 18. d5 Ng6 19. f3 Re8 20. f4 Nf8 21. Bb2 Qg6 22. Qd2 Nh5
23. Kh2 Bf6 24. Bxf6 Nxf6 25. Nc2 Qh5 26. Nc3 Bd7 27. Nd4 h6 28. Ncb5 Bxb5 29.
Nxb5 Re7 30. Nd4 N8d7 31. Rfe1 Ng4+ 32. Kg1 Ngf6 33. b4 axb4 34. axb4 Qg6 35.
Kh2 Nh5 36. Qf2 Ra3 37. Bf1 Re8 38. Nb5 Rb3 39. Rb1 Rxb1 40. Rxb1 c6 41. dxc6
bxc6 42. Na7 d5 43. b5 cxb5 44. cxd5 Nc5 45. Bxb5 Ra8 46. Nc6 Kh7 47. Ne5 Qd6
48. Bc6 Ra7 49. Qe2 Nf6 50. Qc4 Ra3 51. Nf7 Qf8 52. d6 Rxe3 53. Qxc5 Re2+ 54.
Kg1 Qxf7 55. Qxf5+ g6 56. Qc8 Qa7+ 57. Kh1 Rh2+ 58. Kxh2 Qf2+ 59. Kh1 Qf3+ 60.
Kg1 Qxg3+ 1/2-1/2

[Event "Int. Stuttgarter Stadtmeisterschaft A"]
[Site "Ditzingen"]
[Date "2013.05.09"]
[Round "1.14"]
[White "Sand, Rolf"]
[Black "Kvetny, Mark"]
[Result "0-1"]
[WhiteElo "1963"]
[BlackElo "2269"]
[PlyCount "88"]
[EventDate "2013.??.??"]
[WhiteTeam "SV Tübingen 1870 e.V."]
[BlackTeam "Stuttgarter SF 1879"]

1. c4 c5 2. g3 Nc6 3. Bg2 g6 4. Nc3 Bg7 5. Nf3 d6 6. O-O a6 7. a3 Rb8 8. Rb1
Bf5 9. d3 b5 10. cxb5 axb5 11. Bd2 b4 12. Nd5 Bd7 13. axb4 e6 14. Ne3 Nxb4 15.
Bc3 Nf6 16. d4 Ne4 17. Bxb4 Rxb4 18. dxc5 dxc5 19. Qc2 O-O 20. Rfd1 Qc7 21. Nd2
Nxd2 22. Rxd2 Ba4 23. b3 Rfb8 24. Rc1 Rxb3 25. Qxc5 Qxc5 26. Rxc5 Bh6 27. Ra2
Rxe3 28. Rxa4 Rxe2 29. Bf3 Rd2 30. Ra8 Rxa8 31. Bxa8 Bf8 32. Rc8 Kg7 33. Be4
Be7 34. Rc2 Rd4 35. Bf3 g5 36. h3 Bd6 37. Kf1 Rb4 38. Ke2 e5 39. Bc6 f5 40. Bd5
Kf6 41. Bc6 e4 42. Bd7 Ke5 43. f3 Rb3 44. Bc6 Rxf3 0-1

[Event "Int. Stuttgarter Stadtmeisterschaft A"]
[Site "Ditzingen"]
[Date "2013.05.09"]
[Round "1.15"]
[White "Kabisch, Thilo"]
[Black "Ast, Bernhard"]
[Result "1-0"]
[WhiteElo "2264"]
[BlackElo "1962"]
[PlyCount "83"]
[EventDate "2013.??.??"]
[WhiteTeam "SK Schmiden/Cannstatt"]
[BlackTeam "SC Iffezheim"]

1. e4 e6 2. d4 d5 3. e5 c5 4. c3 Qc7 5. Nf3 Nc6 6. Bd3 cxd4 7. cxd4 Nb4 8. Nc3
Nxd3+ 9. Qxd3 Bd7 10. O-O a6 11. Bd2 Bb4 12. Rfc1 Qb6 13. a3 Be7 14. Ne2 h5 15.
Nf4 Qb5 16. Qxb5 axb5 17. h4 Ra4 18. g3 Nh6 19. b3 Ra6 20. Nxh5 Nf5 21. g4 Bxa3
22. Rc7 Kd8 23. Rc2 Bc6 24. b4 Kc7 25. gxf5 Rxh5 26. fxe6 fxe6 27. Rca2 Bb2 28.
Rxa6 bxa6 29. Ra2 Rf5 30. Kg2 Rxf3 31. Kxf3 Bxd4 32. Kg3 Bxe5+ 33. Bf4 Bd6 34.
Bxd6+ Kxd6 35. Rxa6 d4 36. f4 d3 37. Kf2 Kd5 38. Ke3 d2 39. Kxd2 Be8 40. Ra7
Ke4 41. Rxg7 Kxf4 42. Re7 1-0

[Event "Int. Stuttgarter Stadtmeisterschaft A"]
[Site "Ditzingen"]
[Date "2013.05.09"]
[Round "1.16"]
[White "Steinhart, Christoph"]
[Black "Wenninger, Philipp"]
[Result "0-1"]
[WhiteElo "1961"]
[BlackElo "2220"]
[PlyCount "100"]
[EventDate "2013.??.??"]
[WhiteTeam "TSV Schönaich"]
[BlackTeam "SC Erlangen 48/88 e.V."]

1. e4 c6 2. d4 d5 3. exd5 cxd5 4. c4 Nf6 5. Nc3 Nc6 6. Bg5 dxc4 7. d5 Ne5 8.
Qd4 h6 9. Bf4 Ng6 10. Bg3 Bd7 11. Bxc4 Rc8 12. Bd3 e5 13. dxe6 Bxe6 14. Qxd8+
Rxd8 15. Bxg6 fxg6 16. Nge2 Bc5 17. O-O O-O 18. Rad1 g5 19. Na4 Bb4 20. b3 Ne4
21. Bc7 Rxd1 22. Rxd1 Nxf2 23. Rd4 Be7 24. Bg3 Ng4 25. Re4 Kf7 26. Nd4 Bd7 27.
Be1 Rd8 28. Nf3 Bxa4 29. Rxa4 Bc5+ 30. Kh1 Ne3 31. Re4 Rd1 32. h3 Nc2 33. Kh2
Bd6+ 34. g3 Nxe1 35. Rxe1 Rxe1 36. Nxe1 Ke6 37. Kg2 Kd5 38. Nf3 Ke4 39. Kf2 Kd3
40. g4 Bf4 41. Ne1+ Kc3 42. Ke2 Kb2 43. Kd3 Kxa2 44. Kc2 a5 45. Nd3 Bd6 46. Nb2
b5 47. Nd1 Be5 48. Nf2 a4 49. bxa4 b4 50. Nd1 b3+ 0-1

[Event "Int. Stuttgarter Stadtmeisterschaft A"]
[Site "Ditzingen"]
[Date "2013.05.09"]
[Round "1.17"]
[White "Löhr, Markus"]
[Black "Bergauz, Noam"]
[Result "1/2-1/2"]
[WhiteElo "2235"]
[BlackElo "1900"]
[PlyCount "136"]
[EventDate "2013.??.??"]
[WhiteTeam "SK Schmiden/Cannstatt"]
[BlackTeam "SK München Südost e.V."]

1. d4 Nf6 2. c4 g6 3. Nc3 Bg7 4. e4 d6 5. Nf3 O-O 6. Be2 Nbd7 7. O-O e5 8. Qc2
Qe7 9. Rd1 c6 10. d5 cxd5 11. cxd5 Ne8 12. Bg5 f6 13. Be3 f5 14. Bg5 Ndf6 15.
Nh4 f4 16. Rac1 Qf7 17. h3 h6 18. Bxf6 Qxf6 19. Nf3 h5 20. Nb5 g5 21. Nh2 Qg6
22. f3 Bf6 23. Nxa7 Bd7 24. Bb5 Qg7 25. Bxd7 Qxd7 26. Qf2 Bd8 27. Rd3 Nc7 28.
Ra3 Na6 29. Rxa6 bxa6 30. Nc6 Qb7 31. Kh1 Bb6 32. Qe2 Bd4 33. Rc2 Rf7 34. Nf1
Rg7 35. Nh2 a5 36. Qd2 Be3 37. Qd1 a4 38. Nf1 Bc5 39. Nxe5 dxe5 40. Rxc5 Qxb2
41. d6 Rd8 42. Qd5+ Kh8 43. Rc7 Qf2 44. Qe6 Qxf1+ 45. Kh2 Rxd6 46. Qxd6 Rxc7
47. Qxc7 Qf2 48. Qxe5+ Kh7 49. Qf5+ Kh6 50. Qf6+ Kh7 51. Qxg5 Qxa2 52. Qxh5+
Kg7 53. Qg5+ Kh7 54. e5 Qe6 55. Qxf4 a3 56. Qe4+ Kg7 57. f4 a2 58. Qa4 Qd5 59.
Qa6 Kf8 60. h4 Qb3 61. Qf6+ Qf7 62. Qd6+ Qe7 63. Qh6+ Kg8 64. Qg6+ Kf8 65. Qf5+
Qf7 66. Qc8+ Ke7 67. Qc5+ Ke8 68. Qc8+ Ke7 1/2-1/2

[Event "Int. Stuttgarter Stadtmeisterschaft A"]
[Site "Ditzingen"]
[Date "2013.05.09"]
[Round "1.18"]
[White "Klaus, Dominik"]
[Black "Vaysberg, Alexander"]
[Result "0-1"]
[WhiteElo "1880"]
[BlackElo "2202"]
[PlyCount "70"]
[EventDate "2013.??.??"]
[WhiteTeam "Ssg Fils-Lauter e. V."]
[BlackTeam "SG Ludwigsburg 1919"]

1. d4 Nf6 2. c4 c5 3. Nf3 cxd4 4. Nxd4 b6 5. Nc3 Bb7 6. Bg5 d6 7. f3 Nbd7 8. e4
a6 9. Be2 e6 10. O-O Be7 11. Qd2 O-O 12. Rfd1 Rc8 13. Nc2 Qc7 14. Rac1 Ne5 15.
Be3 Rfd8 16. Na4 Ned7 17. Nd4 Nc5 18. Qc2 Nfxe4 19. fxe4 Bxe4 20. Rd3 d5 21.
cxd5 Bxd3 22. Bxd3 Qe5 23. Re1 Nxd3 24. Qxd3 Qxd5 25. Qe2 Bc5 26. Nxc5 bxc5 27.
Nb3 c4 28. Nd4 c3 29. bxc3 Rxc3 30. Nf3 Ra3 31. Bg5 Rc8 32. Rd1 Rxa2 33. Rxd5
Rxe2 34. Ra5 f6 35. Nd4 Re4 0-1

[Event "Int. Stuttgarter Stadtmeisterschaft A"]
[Site "Ditzingen"]
[Date "2013.05.09"]
[Round "1.19"]
[White "Aring, Gerd"]
[Black "Kaplunov, Vadym"]
[Result "1-0"]
[WhiteElo "2196"]
[BlackElo "1953"]
[PlyCount "49"]
[EventDate "2013.??.??"]
[WhiteTeam "SV Nürtingen 1920"]
[BlackTeam "Stuttgarter SF 1879"]

1. d4 d5 2. c4 e6 3. Nf3 Nf6 4. g3 c6 5. Bg2 Nbd7 6. Qc2 Bb4+ 7. Nbd2 Ne4 8. a3
Qa5 9. O-O Nxd2 10. Nxd2 Be7 11. b4 Qd8 12. e4 dxe4 13. Nxe4 Nf6 14. Bb2 Nxe4
15. Bxe4 f5 16. Bg2 O-O 17. Rad1 Qe8 18. d5 exd5 19. cxd5 Bd7 20. Rfe1 Qf7 21.
dxc6 Bxc6 22. Bxc6 bxc6 23. Rd7 Rfe8 24. Qxc6 Rad8 25. Rexe7 1-0

[Event "Int. Stuttgarter Stadtmeisterschaft A"]
[Site "Ditzingen"]
[Date "2013.05.09"]
[Round "1.20"]
[White "Dimitriadis, Pavlos"]
[Black "Melzner, Lukas"]
[Result "0-1"]
[WhiteElo "1871"]
[BlackElo "2189"]
[PlyCount "96"]
[EventDate "2013.??.??"]
[WhiteTeam "SV Reutlingen"]
[BlackTeam "SK Klosterlechfeld"]

1. Nf3 e6 2. g3 Nf6 3. Bg2 d5 4. O-O Be7 5. c4 O-O 6. b3 b6 7. Bb2 Bb7 8. d3 c5
9. e3 Nc6 10. Nbd2 Qc7 11. Rc1 Nb4 12. Qe2 Nxa2 13. Rcd1 Nd7 14. d4 dxc4 15.
Nxc4 Nb4 16. Nfe5 Bxg2 17. Kxg2 Nxe5 18. dxe5 Rad8 19. Qg4 Rd3 20. Rxd3 Nxd3
21. Bc3 Qc6+ 22. f3 b5 23. Nd6 Qd5 24. Qe4 Bxd6 25. Qxd5 exd5 26. exd6 b4 27.
Rd1 c4 28. Rxd3 cxd3 29. Bxb4 f6 30. Kf2 Kf7 31. Ba5 Ke6 32. Bc7 a5 33. Ke1 Ra8
34. Kd2 a4 35. bxa4 Rxa4 36. Kxd3 Ra3+ 37. Kd4 Ra4+ 38. Kd3 f5 39. h4 Ra3+ 40.
Kd4 Ra4+ 41. Kd3 Ra2 42. Bb8 Rb2 43. Bc7 Rg2 44. Kd4 Rd2+ 45. Kc3 Rf2 46. Kd3
g6 47. Bb8 Kd7 48. Bc7 Rxf3 0-1

[Event "Int. Stuttgarter Stadtmeisterschaft A"]
[Site "Ditzingen"]
[Date "2013.05.09"]
[Round "1.21"]
[White "Krockenberger, Martin"]
[Black "Lorenz, Michael"]
[Result "1-0"]
[WhiteElo "2180"]
[BlackElo "1950"]
[PlyCount "53"]
[EventDate "2013.??.??"]
[WhiteTeam "SK Schmiden/Cannstatt"]
[BlackTeam "SG Rochade Kuppenheim 1979 e.V."]

1. c4 c5 2. Nf3 g6 3. e4 Bg7 4. d4 cxd4 5. Nxd4 Nc6 6. Be3 d6 7. Nc3 Nf6 8. Be2
Nxd4 9. Bxd4 O-O 10. O-O Bd7 11. Qd2 a5 12. Rab1 Bc6 13. f3 Nd7 14. Be3 a4 15.
Rfc1 Qa5 16. b4 axb3 17. axb3 b6 18. b4 Qa7 19. Nd5 Rfe8 20. Bf1 Qb7 21. Qf2
Bxd5 22. cxd5 b5 23. Rc6 Ra1 24. Rxa1 Bxa1 25. Qc2 Rd8 26. Rc7 Qa6 27. Ra7 1-0

[Event "Int. Stuttgarter Stadtmeisterschaft A"]
[Site "Ditzingen"]
[Date "2013.05.09"]
[Round "1.22"]
[White "Zeh, Rolf"]
[Black "Khadempour, Farhad"]
[Result "1/2-1/2"]
[WhiteElo "1947"]
[BlackElo "2161"]
[PlyCount "135"]
[EventDate "2013.??.??"]
[WhiteTeam "SV 23 Böckingen"]
[BlackTeam "SV Tübingen 1870 e.V."]

1. d4 d5 2. c4 c6 3. Nf3 Nf6 4. Nc3 a6 5. cxd5 cxd5 6. g3 Nc6 7. Bg2 e6 8. O-O
Bd6 9. Bg5 h6 10. Bxf6 Qxf6 11. e4 dxe4 12. Nxe4 Qe7 13. Re1 O-O 14. Rc1 Bb4
15. Re3 Rd8 16. Rd3 Bd7 17. a3 Ba5 18. b4 Bb6 19. Nc5 Be8 20. Qe2 Rac8 21. Qe4
Rc7 22. Rcd1 Rd6 23. Nd2 Ba7 24. Nc4 Rd8 25. Ne3 Nb8 26. R3d2 b6 27. Nd3 Ba4
28. Rc1 Bc6 29. Qe5 f6 30. Qf4 g5 31. Qg4 Bxg2 32. Rxc7 Qxc7 33. Qxe6+ Qf7 34.
Qxf7+ Kxf7 35. Kxg2 Rxd4 36. Nf5 Rd7 37. Nxh6+ Kg6 38. Ng4 Rc7 39. a4 b5 40.
axb5 axb5 41. Ne3 Rd7 42. Kf3 Rd4 43. Nc2 Rd7 44. g4 Rh7 45. Kg2 Nc6 46. h3 Re7
47. f4 Re8 48. f5+ Kf7 49. Na3 Nd4 50. Nc5 Bxc5 51. bxc5 b4 52. Nc4 Re2+ 53.
Rxe2 Nxe2 54. Kf3 Nc3 55. Ke3 Ke7 56. Kd3 Kd7 57. Na5 Nd5 58. Kc4 Nf4 59. Kxb4
Nxh3 60. Nc4 Nf2 61. Ne3 Kc6 62. Kc4 Ne4 63. Nd5 Nd2+ 64. Kd4 Nb3+ 65. Kc4 Nd2+
66. Kd4 Nb3+ 67. Kc4 Nd2+ 68. Kd4 1/2-1/2

[Event "Int. Stuttgarter Stadtmeisterschaft A"]
[Site "Ditzingen"]
[Date "2013.05.09"]
[Round "1.23"]
[White "Baskin, Robert"]
[Black "Bergner, Philipp"]
[Result "1/2-1/2"]
[WhiteElo "2157"]
[BlackElo "1946"]
[PlyCount "63"]
[EventDate "2013.??.??"]
[WhiteTeam "SAbt TuS Makkabi Ffm"]
[BlackTeam "Mönchfelder SV 1967"]

1. e4 c5 2. Nf3 d6 3. d4 cxd4 4. Nxd4 Nf6 5. Nc3 a6 6. Bc4 e6 7. a4 Be7 8. O-O
O-O 9. Be3 Nxe4 10. Nxe4 d5 11. Bd3 dxe4 12. Bxe4 Nd7 13. Nb3 Qc7 14. a5 f5 15.
Bf3 e5 16. Bd5+ Kh8 17. f3 Nc5 18. Nd2 Be6 19. Bxe6 Nxe6 20. c3 Bc5 21. Bf2
Rad8 22. Qc2 Rd7 23. Nb3 Bxf2+ 24. Rxf2 Nc5 25. Re2 Nxb3 26. Qxb3 h6 27. Rae1
Qc5+ 28. Kh1 Re7 29. Qa4 e4 30. fxe4 fxe4 31. h3 e3 32. Qd4 1/2-1/2

[Event "Int. Stuttgarter Stadtmeisterschaft A"]
[Site "Ditzingen"]
[Date "2013.05.09"]
[Round "1.24"]
[White "Walliser, Holger"]
[Black "Bräuner, Uwe"]
[Result "1/2-1/2"]
[WhiteElo "1942"]
[BlackElo "2152"]
[PlyCount "73"]
[EventDate "2013.??.??"]
[WhiteTeam "SK Sontheim/Brenz e.V."]
[BlackTeam "SF Pfullingen"]

1. e4 c6 2. d4 d5 3. exd5 cxd5 4. c4 Nf6 5. Nc3 Nc6 6. Bf4 Be6 7. c5 g6 8. Nf3
Bg7 9. Bb5 O-O 10. O-O Bg4 11. Bxc6 bxc6 12. h3 Bxf3 13. Qxf3 Nd7 14. Qe3 Re8
15. Rfe1 e5 16. dxe5 Nxe5 17. Bxe5 Bxe5 18. Qd3 Qf6 19. Rac1 Bd4 20. Re2 Rxe2
21. Qxe2 Rb8 22. Rc2 Bxc5 23. Nxd5 Bxf2+ 24. Qxf2 Qxf2+ 25. Kxf2 cxd5 26. Ke3
Kf8 27. Kd4 Ke7 28. Kxd5 Kd7 29. Ke5 Rb6 30. Rf2 Re6+ 31. Kd5 f6 32. b4 Rd6+
33. Kc5 Rc6+ 34. Kd5 Rd6+ 35. Kc5 Rc6+ 36. Kd5 Rd6+ 37. Kc5 1/2-1/2